000 01126cam a2200217 4500
001 WB@3612-591
008 040922n2004 000 0 eng u
035 _a(Sirsi) u127486
245 _aBusiness Improvement Districts
260 _c2004
490 _aODPM News Release
_v(2004/0223) 17 September 2004 (3)
520 _aRegulations laid at the beginning of September 2004 before the UKparliament have now come into force. Business Improvement Districts will allow local authorities and businesses to work together, to put in to place local projects to improve town centres and business districts. They will be funded by a levy raised on the local business rate. Businesses will have the opportunity to agree on the projects for which they are contributing and to vote on the amount of money they are prepared to raise. http://www.odpm.gov.uk/pns/DisplayPN.cgi?pn_id=200 4_0223
590 _aWB
590 _aWB
650 _aBUSINESS IMPROVEMENT DISTRICTS
650 _aLOCAL GOVERNMENT ACT 2003
650 _aBUSINESS PARTNERSHIPS
650 _aLOCAL AUTHORITIES
690 _aLOCAL GOVERNMENT
942 _n0
999 _c118030
_d118030